01351nam a2200349 i 450000100060000000300080000600500170001400600190003100700150005000800410006501700500010602000180015603500220017404000310019605000220022708000100024908200120025910000500027124501500032126400530047130000250052433600310054933700330058033800430061349000440065650400390070058800830073965000430082265500270086583000460089285600630093870049FlNmELB20241217143156.0m o d | cr cnu||||||||240218s2016 sp ob 000 0 spa d aM 13476-2016bOficina Depósito Legal Madrid a9788490971475 a(OCoLC)1427603118 aFINmELBbspaerdacFINmELB 4aBD255b.G549 2016 a001.204a0012231 aGómez González, Francisco Javier,eautor.14a¿El mito de la ciencia interdisciplinar? :bobstáculos y propuestas de cooperación entre disciplinas /cFrancisco Javier Gómez González. 1aMadrid :bLos Libros de la Catarata,cD.L. 2016. a1 recurso en línea atextobtxt2rdacontent/spa acomputadorabc2rdamedia/spa arecurso en líneabcr2rdacarrier/spa1 aSerie Ensayos ciencia y sociedad ;v165 aBibliografía: páginas 121-126. aDescripción basada en metadatos suministrados por el editor y otras fuentes. 4aInterdisciplinariedad de las ciencias. 4aLibros electrónicos. 0aSerie Ensayos ciencia y sociedad ;v165.40uhttps://elibro.net/ereader/politecnicointernacional/249778